Hittanoktatás az ötvenes években
Elmentve itt :
| Szerző: | |
|---|---|
| Dokumentumtípus: | Cikk |
| Megjelent: |
2000
|
| Sorozat: | Iskolakultúra
10 No. 2 |
| Online Access: | http://misc.bibl.u-szeged.hu/40305 |
| LEADER | 00565nab a2200169 i 4500 | ||
|---|---|---|---|
| 001 | misc40305 | ||
| 005 | 20191106140917.0 | ||
| 008 | 180709s2000 hu o 0|| zxx d | ||
| 022 | |a 1215-5233 | ||
| 040 | |a SZTE Miscellanea Repozitórium |b hun | ||
| 041 | |a zxx | ||
| 100 | 1 | |a Nagy Péter Tibor | |
| 245 | 1 | 0 | |a Hittanoktatás az ötvenes években |h [elektronikus dokumentum] / |c Nagy Péter Tibor |
| 260 | |c 2000 | ||
| 300 | |a 38-46 | ||
| 490 | 0 | |a Iskolakultúra |v 10 No. 2 | |
| 856 | 4 | 0 | |u http://misc.bibl.u-szeged.hu/40305/1/EPA00011_iskolakultura_2000_02_038-046.pdf |z Dokumentum-elérés |